Recursos humanos el sector público y su situación actual en Centroamérica
Situación de los recursos humanos empleados por el sector público centroamericano en 1968. Análisis del comportamiento histórico de la ocupación del sector, cubriendo aspectos económicos como egresos y gastos en sueldos fijos, relaciones cuantitativas con la población centroamericana, y principales...
Gorde:
| Egile nagusia: | |
|---|---|
| Erakunde egilea: | |
| Formatua: | Texto |
| Argitaratua: |
San José:
ICAP
|
| Gaiak: | |
| Etiketak: |
Etiketa erantsi
Etiketarik gabe, Izan zaitez lehena erregistro honi etiketa jartzen!
|
MARC
| LEADER | 00000 a a2200000 04500 | ||
|---|---|---|---|
| 001 | 19871 | ||
| 003 | |||
| 040 | |||
| 090 | |a 080500 | ||
| 100 | |a Torres Padilla, Oscar | ||
| 110 | |a ICAP. Unidad de Recursos Humanos | ||
| 245 | |a Recursos humanos el sector público y su situación actual en Centroamérica | ||
| 260 | |a San José: |b ICAP | ||
| 300 | |a 170 p. | ||
| 520 | |a Situación de los recursos humanos empleados por el sector público centroamericano en 1968. Análisis del comportamiento histórico de la ocupación del sector, cubriendo aspectos económicos como egresos y gastos en sueldos fijos, relaciones cuantitativas con la población centroamericana, y principales características del personal ocupado. En el estudio no están comprendidos cierto tipo de personal: policía, ministerio de educación, ministros, misiones diplomáticas, y otros./ACM | ||
| 650 | |a AMERICA CENTRAL | ||
| 650 | |a RECURSOS HUMANOS | ||
| 650 | |a SECTOR PUBLICO | ||
| 650 | |a ESTADO | ||
| 650 | |a PUB. ICAP | ||
| 999 | |c 13042 |d 13042 | ||
